| 000 | 00563nam a2200169 i 4500 | ||
|---|---|---|---|
| 001 | 82712 | ||
| 003 | ES-MaACL | ||
| 005 | 20230906174724.0 | ||
| 007 | t| | ||
| 008 | 041111s1962 sp ||||1| spa d | ||
| 245 | 0 | 4 |
_aLas ideologías y sus aplicaciones en el siglo XX / _cWladimir Weide... [et al.] ; [traducción de Luis González Seara]. |
| 260 |
_aMadrid : _bInstituto de Estudios Políticos, _c1962. |
||
| 300 |
_a285 p. ; _c21 cm. |
||
| 700 | 1 |
_aWeide, Wladimir. _9116318 |
|
| 700 | 1 |
_aGonzález Seara, Luis. _958964 |
|
| 852 |
_aES-MaACL _jL-2855 _bR.103450 |
||
| 999 |
_c82712 _d82712 |
||